000
00291nam a22001337a 4500
008
170503b xxu||||| |||| 00| 0 eng d
020
_a
9780314908643
041
_a
eng
080
_2
3RD
_a
34
100
_a
14
101
_a
SHJ
245
_a
CIVIL PROCEDURE
_c
SPENCER, A.B
942
_2
udc
_c
BK
999
_c
12603
_d
12603